Chcete efektívnu kampaň? Musíte experimentovať

Kreatívny riaditeľ agentúry Zaraguza vysvetľuje, kedy reklama dokáže predávať.

Salvato in:
Dettagli Bibliografici
Autore principale: Garaj, Patrik
Altri autori: Pastier, Michal
Natura: Capitolo di libro
Lingua:slovacco
Soggetti:
Tags: Aggiungi Tag
Nessun Tag, puoi essere il primo ad aggiungerne!!

MARC

LEADER 00000naa a2200000 4500
001 0214572
005 20231113105049.6
041 0 |a slo 
044 |a SK 
245 1 0 |a Chcete efektívnu kampaň? Musíte experimentovať  |c Patrik Garaj, Michal Pastier 
520 |a Kreatívny riaditeľ agentúry Zaraguza vysvetľuje, kedy reklama dokáže predávať. 
610 2 0 |a reklama 
610 2 0 |a propagácia 
610 2 0 |a kampane reklamné 
610 2 0 |a marketing 
610 2 0 |a agentúry 
610 2 0 |a efektívnosť 
610 2 0 |a kreativita 
610 2 0 |a značky 
100 1 |a Garaj, Patrik 
700 1 |a Pastier, Michal